000 00940nam a22002897a 4500
003 CHAP
005 20220329135656.0
008 971013s r 00010 d
010 _a40362
011 _a41334
035 _a45460
040 _cCHAP
082 _a630.71
_bE51f
110 _aENA. Colegio de Postgraduados. Chapingo, Méx.
_936679
245 _a(Estructura y funcionamiento del Instituto de Educación Agrícola Superior)
260 _a(s.l.) :
_b(s.e.),
_c(s.a.)
300 _a62 h.
590 _aBATCH-UPD
_b10
_c20130110
_lUCH01
_h2018
590 _aBATCH-UPD
_b10
_c20130410
_lUCH01
_h1337
590 _aBATCH-UPD
_b10
_c20130914
_lUCH01
_h1241
590 _aCONVERSION
_b10
_c20130109
_lUCH01
_h1322
650 1 4 _aEducación agrícola
_zMéxico.
_935552
650 1 4 _aUniversidades
_xAdministración
_xMéxico.
_9116599
901 _aBK
942 _cLIBRO
949 _a630.71 E51f
_bBC
_cUACH
_d-103817
_eUACH
_h41375
_i45460
_si
999 _c40362
_d40362